The subject of anthropology : gender, symbolism and psychoanalysis

Αποθηκεύτηκε σε:
Λεπτομέρειες βιβλιογραφικής εγγραφής
Κύριος συγγραφέας: Moore, Henrietta L.
Μορφή: Βιβλίο
Γλώσσα:English
Δημοσίευση: Cambridge, UK : Polity, 2007
Θέματα:
Ετικέτες: Προσθήκη ετικέτας
Δεν υπάρχουν, Καταχωρήστε ετικέτα πρώτοι!

MARC

LEADER 00000cam a2200000 i 4500
001 1/4304
008 100209s2007 eng d
020 |a 978-07456-0808-2 
020 |a 0-7456-0808-6 
035 |l 10106708 
040 |a GR-MY-UA  |b gre  |e aacr 
041 0 |a eng 
082 0 |a 306  |2 (22) 
100 1 |a Moore, Henrietta L. 
245 1 4 |a The subject of anthropology :  |b gender, symbolism and psychoanalysis /  |c Henrietta L. Moore 
260 |a Cambridge, UK :   |b Polity,   |c 2007 
300 |a ix, 272 σ.;  |c 24 εκ. 
504 |a Βιβλιογραφία: σ. [235]-258 
504 |a Ευρετήριο: σ. [259]-272 
650 0 0 |a Feminist anthropology. 
650 0 0 |a Sex role. 
650 0 0 |a Psychoanalysis and anthropology. 
852 |a INST  |b LESVOS  |e 20100209  |h 306 MOO  |p 005100045776  |q 005100045776  |t BK  |y 0 
901 |a BIBL1-2010-1 
909 |a Λ  |b 162710 
970 |a ΓΙΑΛΑΜΑ  |b ΜΑΡΙΑ  |z 2010/02/09